<?xml version="1.0" encoding="UTF-8"?><OAI-PMH xmlns="http://www.openarchives.org/OAI/2.0/" xmlns:xsi="http://www.w3.org/2001/XMLSchema-instance"     xsi:schemaLocation="http://www.openarchives.org/OAI/2.0/ http://www.openarchives.org/OAI/2.0/OAI-PMH.xsd"><responseDate>2026-05-14T16:57:55Z</responseDate><request verb="GetRecord" identifier="oai:regmurcia.com:fintegr.756" metadataPrefix="marc21">http://oai.regmurcia.com/oai2/oai2.php</request><GetRecord><record><header><identifier>oai:regmurcia.com:fintegr.756</identifier><datestamp>2026-05-14</datestamp><setSpec>documentos</setSpec></header><metadata><record  xmlns="http://www.loc.gov/MARC21/slim" xmlns:xsi="http://www.w3.org/2001/XMLSchema-instance" xsi:schemaLocation="http://www.loc.gov/MARC21/slim http://www.loc.gov/standards/marcxml/schema/MARC21slim.xsd" type="Bibliographic"><leader>00000nam a2200000   4500</leader><controlfield tag="001" >005069689</controlfield><controlfield tag="003" >756</controlfield><controlfield tag="004" >A00000000</controlfield><datafield tag="245" ind1=" " ind2=" "><subfield code="a">Minuta de una carta del concejo de Murcia [al Consejo Real] pidiendo que el rey y el príncipe les concedan ciertas peticiones.</subfield></datafield><datafield tag="300" ind1=" " ind2=" "><subfield code="c">310 x 218 mm.</subfield></datafield><datafield tag="300" ind1=" " ind2=" "><subfield code="a">2 fol.</subfield></datafield><datafield tag="351" ind1=" " ind2=" "><subfield code="a">Unidad Documental simple</subfield><subfield code="c">Archivo de Murcia. Array</subfield><subfield code="a">Unidad Documental simple</subfield><subfield code="c">Archivo de Murcia. Array</subfield></datafield><datafield tag="351" ind1=" " ind2=" "><subfield code="b">Nº 33</subfield></datafield><datafield tag="506" ind1=" " ind2=" "><subfield code="a">Acceso restringido</subfield></datafield><datafield tag="510" ind1=" " ind2=" "><subfield code="a">Documento incompleto.</subfield></datafield><datafield tag="520" ind1=" " ind2=" "><subfield code="a">El concejo de Murcia se dirige [al Consejo Real de Castilla], a través de sus mensajeros y regidores Pedro Bernal y Lope Alfonso de Lorca, para pedir que el rey y el príncipe confirmen los privilegios ya existentes. También efectúan diversas peticiones, como que revoce el corregimiento otorgado al licenciado Montalvo, que no permita la entrada a la ciudad de Murcia al Adelantado Pedro Fajardo ni a María de Quesada, y que revoce la concesión hecha al Adelantado de ciertos territorios del Reino de Murcia.</subfield></datafield><datafield tag="583" ind1=" " ind2=" "><subfield code="u">http://www.regmurcia.com/servlet/s.Sl?METHOD=VERDOCUMENTO&amp;sit=serv,Carmesi&amp;n=/01/1215/indice.djvu</subfield></datafield><datafield tag="592" ind1=" " ind2=" "><subfield code="a">1444-10-14</subfield></datafield><datafield tag="592" ind1=" " ind2=" "><subfield code="d">1444-10-14 00:00:00</subfield></datafield><datafield tag="651" ind1=" " ind2=" "><subfield code="a">Murcia</subfield></datafield><datafield tag="786" ind1=" " ind2=" "><subfield code="o">http://www.regmurcia.com/servlet/s.Sl?METHOD=VERDOCUMENTO&amp;sit=serv,Carmesi&amp;n=/01/1215/indice.djvu</subfield></datafield><datafield tag="856" ind1=" " ind2=" "><subfield code="u">http://www.regmurcia.com/servlet/s.Sl?METHOD=DETALLE&amp;sit=c,373,m,139,serv,Carmesi&amp;id=756</subfield></datafield></record></metadata></record></GetRecord></OAI-PMH>
